书目信息 |
| 题名: |
感悟:红头巾的诺言
|
|
| 作者: | ;感悟工作室 编 | |
| 分册: | ||
| 出版信息: | 呼和浩特 远方出版社 2006 |
|
| 页数: | 201页 | |
| 开本: | 20cm | |
| 丛书名: | 青春文学丛书 | |
| 单 册: | ||
| 中图分类: | I247.8 | |
| 科图分类: | ||
| 主题词: | 故事--gu shi--中国--当代--作品集 | |
| 电子资源: | ||
| ISBN: | 7-80595-918-8 | |
| 000 | 00878nam 2200253 450 | |
| 001 | 012006971733 | |
| 005 | 20081224150514.85 | |
| 010 | @a7-80595-918-8@dCNY30.00 | |
| 100 | @a20060714d2006 km y0chiy0120 ea | |
| 101 | 0 | @achi |
| 102 | @aCN@b150000 | |
| 105 | @aa z 000yy | |
| 200 | 1 | @a感悟:红头巾的诺言@Agan wu:hong tou jin de nuo yan@e红头巾的诺言@f感悟工作室编@Fgan wu gong zuo shi bian |
| 210 | @a呼和浩特@c远方出版社@d2006 | |
| 215 | @a201页@c图@d20cm | |
| 225 | 2 | @a青春文学丛书@Aqing chun wen xue cong shu |
| 330 | @a本书内容包括红头巾的诺言、我和普米亮亮的天上人间、恋爱听柚子茶等内容。 | |
| 410 | 0 | @12001 @a青春文学丛书 |
| 517 | 1 | @a红头巾的诺言@Ahong tou jin de nuo yan |
| 606 | 0 | @a故事@Agu shi@y中国@z当代@j作品集 |
| 690 | @aI247.8@v4 | |
| 711 | 02 | @a感悟工作室@Agan wu gong zuo shi@4编 |
| 801 | 0 | @aCN@bRULIN@c20081224 |
| 905 | @aZUCC@dI247.8@eG071 | |
| 感悟:红头巾的诺言:红头巾的诺言/感悟工作室编.-呼和浩特:远方出版社,2006 |
| 201页:图;20cm.-(青春文学丛书) |
| ISBN 7-80595-918-8:CNY30.00 |
| 本书内容包括红头巾的诺言、我和普米亮亮的天上人间、恋爱听柚子茶等内容。 |
| ● |
| 相关链接 |
|
|
|
正题名:感悟:红头巾的诺言
索取号:I247.8/G071
 
预约/预借
| 序号 | 登录号 | 条形码 | 馆藏地/架位号 | 状态 | 备注 |